Enciclopedia de química

Furkejuvvon:
Bibliográfalaš dieđut
Váldodahkki: Clark, George L (Dahkki)
Materiálatiipa: Girji
Giella:espánnjágiella
Almmustuhtton: Barcelona Omega 1961
Fáttát:
Fáddágilkorat: Lasit fáddágilkoriid
Eai fáddágilkorat, Lasit vuosttaš fáddágilkora!

MARC

LEADER 00000nam a2200000 a 4500
001 UCZ1016
003 CL-VaPUC
008 950810e19610000SP |||||||||||||||||spa|d
082 0 4 |a 540  |b CLA  |2 21 
100 0 |a Clark, George L  |e author  |9 344383 
245 1 0 |a Enciclopedia de química 
300 |a 1479 p 
942 |c BK 
945 |d 19950810 00:00:00  |a awong 
260 |a Barcelona  |b Omega  |c 1961 
650 0 |a Química  |9 259896 
650 7 |a QUIMICOS BIOGRAFIAS  |2 CL-VaPUC  |9 344384 
583 |a last modification  |c 19950810 00:00:00  |k Rodrigo Vera 
999 |c 237865  |d 237863 
952 |0 0  |1 0  |2 ddc  |4 0  |6 540_000000000000000_CLA_1961  |7 0  |8 X  |9 247608  |a BIBCUR  |b BIBCUR  |d 2019-11-18  |i 3117049  |o 540 CLA 1961  |p 3117049  |r 2025-04-22  |w 2019-11-18  |y BK  |k BCB